| 000 | 00403nam a2200133 a 4500 | ||
|---|---|---|---|
| 001 | 5197 | ||
| 003 | CDMR | ||
| 005 | 20130116135305.0 | ||
| 008 | 130130s1997||||||||||||||||||||||||||||d | ||
| 040 |
_aCDMR _bcat _cCDMR |
||
| 245 | 0 | _aManual d'estil sobre el tractament de les minories ètniques als mitjans de comunicació social | |
| 260 |
_aBarcelona _c1997 _bCol.legi de Periodistes de Catalunya |
||
| 942 | _cMON | ||
| 999 |
_c5197 _d5197 |
||